| 000 | 00504nam a2200193Ia 4500 | ||
|---|---|---|---|
| 005 | 20240823061201.0 | ||
| 008 | 240823s9999||||xx |||||||||||||| ||und|| | ||
| 020 | _a0-203-45041-8 | ||
| 041 | _aENGLISH | ||
| 082 | _A617.51 P1 | ||
| 100 | _aRoland N J | ||
| 245 | 0 | _aKey Topics in Otolaryngology : and Head and Neck Surgery | |
| 250 | _a2nd | ||
| 260 |
_c2001 _bBios Scientific Publishers |
||
| 500 | _aTRANSFERED | ||
| 650 |
_aBioscience _bAllied Health Science |
||
| 942 | _cBK | ||
| 999 |
_c232912 _d232912 |
||